Cambio de régimen político
Đã lưu trong:
| Những tác giả chính: | , , , , , , , , |
|---|---|
| Tác giả khác: | , , |
| Định dạng: | Sách |
| Ngôn ngữ: | Tiếng Tây Ban Nha |
| Được phát hành: |
Santiago
Universidad Católica de Chile
1992
|
| Những chủ đề: | |
| Các nhãn: |
Thêm thẻ
Không có thẻ, Là người đầu tiên thẻ bản ghi này!
|
MARC
| LEADER | 00000nam a2200000 a 4500 | ||
|---|---|---|---|
| 001 | UCV3383 | ||
| 003 | CL-VaPUC | ||
| 008 | 930609e19920000CL |||||||||||||||||spa|d | ||
| 082 | 0 | 4 | |a 321.804 |b GOD |2 21 |
| 100 | |a Godoy Arcaya, Óscar Francisco |e author |9 744422 | ||
| 700 | 0 | |a Arriagada Herrera, Genaro |e author |9 297635 | |
| 700 | 0 | |a Cea, José Luis |e author |9 297636 | |
| 700 | 0 | |a Flisfisch, Angel |e author |9 297637 | |
| 700 | |a Larraín Fernández, Hernán |e author |9 570624 | ||
| 700 | |a Moulian Emparanza, Tomás |e autor |9 563337 | ||
| 700 | 0 | |a Barros, Enrique |e author |9 297640 | |
| 700 | 0 | |a Cumplido, Francisco |e author |9 297641 | |
| 700 | |a Garretón Merino, Manuel Antonio |e autor |9 617177 | ||
| 700 | |a Millar Carvacho, René Domingo |e autor |9 865746 | ||
| 700 | 0 | |a Sartori, Giovanni |e author |9 297644 | |
| 700 | 0 | |a Stuven Vattier, Ana María |e author |9 297645 | |
| 245 | 1 | 0 | |a Cambio de régimen político |
| 300 | |a 375 p | ||
| 942 | |c BK | ||
| 945 | |d 19930609 00:00:00 |a oaravena | ||
| 260 | |a Santiago |b Universidad Católica de Chile |c 1992 | ||
| 650 | 7 | |a GOBIERNO PRESIDENCIAL |2 CL-VaPUC |9 257845 | |
| 650 | 7 | |a GOBIERNO PARLAMENTARIO |2 CL-VaPUC |9 259049 | |
| 650 | 0 | |a Política y gobierno |9 255151 | |
| 651 | 7 | |a CHILE |2 CL-VaPUC |9 297646 | |
| 583 | |a last modification |c 19930609 00:00:00 |k Rodrigo Vera | ||
| 999 | |c 210616 |d 210614 | ||
| 952 | |0 0 |1 0 |4 0 |6 321_804000000000000_GOD_1992 |7 0 |8 A |9 186976 |a BIBHIS |b BIBHIS |d 2019-11-14 |i 2546353 |l 1 |o 321.804 GOD 1992 |p 2546353 |r 2025-01-20 |s 2024-05-20 |w 2019-11-14 |y BK |k HIS | ||
| 952 | |0 0 |1 0 |4 0 |6 321_804000000000000_GOD_1992 |7 0 |8 A |9 186977 |a BIBHIS |b BIBHIS |d 2019-11-14 |i 2546361 |o 321.804 GOD 1992 |p 2546361 |r 2025-01-20 |w 2019-11-14 |y BK |k HIS | ||
| 952 | |0 0 |1 0 |4 0 |6 321_804000000000000_GOD_1992 |7 0 |8 A |9 186978 |a BIBDER |b BIBDER |d 2019-11-14 |i 254637K |o 321.804 GOD 1992 |p 254637K |r 2023-01-25 |w 2019-11-14 |y BK |k DER | ||
| 952 | |0 0 |1 0 |4 0 |6 321_804000000000000_GOD_1992 |7 0 |8 A |9 186979 |a BIBHIS |b BIBHIS |d 2019-11-14 |i 3008428 |o 321.804 GOD 1992 |p 3008428 |r 2025-01-20 |w 2019-11-14 |y BK |k HIS | ||